000 00692nam a2200265Ia 4500
005 20250425162442.0
008 250425s9999 xx 000 0 und d
020 _a9789814291859
041 _aeng
082 _a330
100 _aZHENGLAI, DENG EDITOR
245 0 _aCHINA S ECONOMY RURAL REFORM ANDA AGRICULTURAL DEVELOPMENT
250 _aS.E.
260 _aEstados Unidos
_bWORDL SCIENTIFICS PUBLISHING
_c2009
260 _aS.L.
300 _a406
500 _aEDITOR DENG ZHENGLAI, SERIES ON DEVELOPING CHINA
650 _aAGRICULTURA
650 _aCHINA
650 _aDESARROLLO
650 _aECONOMIA
710 _aWORLD SCIENTIFIC
942 _c01
010 _a74870
999 _c229503
_d229503